Films d'animation de 2016 en images - Statistiques

Statistiques générales
  • Ce quiz a été pris 77 fois
  • Le résultat moyen est 7 sur 12
Statistiques - réponses
Par images Réponse % Correct
Zootopie
100%
Le Monde de Dory
99%
Vaiana
97%
Les Trolls
91%
Angry Birds, le film
81%
Tous en scène
70%
Your Name.
49%
Ballerina
43%
Ma vie de Courgette
42%
Ratchet et Clank
41%
La Tortue rouge
22%
Kubo et l'Armure magique
14%
Aucun quiz correspondant
Distribution des résultats
% des personnes avec chaque résultat
Percentile par nombre de réponses
Votre historique - résultats
Vous n’avez pas pris ce quiz